000 02449cam a22005774i 4500
003 PE-LiUPU
005 20250731180145.0
008 150706s r 000 0 d
020 _a9788492812059
035 _a(Sirsi) i9788492812059
040 _aPE-LiUPU
_bspa
_cPE-LiUPU
_erda
049 _aPRUA
082 0 4 _a519.53
_bE88
_221
100 1 _aTomeo Perucha, Venancio,
_eautor.
245 1 0 _aEstadística descriptiva /
_cVenacio Tomeo Perucha e Isaías Uña Juárez.
264 1 _aMadrid :
_bIBERGArcETA Publicaciones,
_c2009.
300 _a331 p- :
_bilustraciones ;
_c26 cm.
336 _atext
_2rdacontent
337 _aunmediated
_2rdamedia
338 _avolume
_2rdacarrier
504 _aIncluye bibliografía.
505 0 _aEstadística descriptiva -- Tablas estadísticas -- Medidas de centralización o promedios -- Medidas de dispersión -- Medidas de forma y concentración -- Distribuciones bidimensionales -- Regresión lineal y parabólica -- Teoría de la correlación -- Regresión múltiple -- Correlación de atributos -- Series temporales Números índices -- .
526 _aSEG44
526 _aSEG26
526 _aP159
526 _aP155
526 _aP154
526 _aP153
526 _aP150
526 _aP100
526 _aP31
526 _aP30
526 _aP26
526 _aP25
526 _aP24
526 _aP22
526 _aP15
526 _aP10
541 _g015-0013479;
541 _g001-0035421;
650 0 4 _aEstadística descriptiva.
_94133
700 1 _aUña Juárez, Isaías,
_eautor.
910 _agl
_bjv
_cng
_d20111104
942 _2ddc
_cBOOK
949 _a519.53 E88
_wDEWEY
_c1
_i63949
_lCCODEBUL1
_mBUL
_p70.00
_r0
_sY
_tBOOK
_u2015-7-6
_xINGENIERIA
_zUNKNOWN
_o.STAFF. Colección General
949 _a519.53 E88
_wDEWEY
_c2
_i65044
_lCCODEBUL1
_mBUL
_p42.00
_r0
_sY
_tBOOK
_u2015-7-6
_xINGENIERIA
_zUNKNOWN
_o.STAFF. Colección General
994 _aC0
_bPEPRU
596 _a1
999 _a519.53 E88
_wDEWEY
_c52798
_i63949
_lLOST
_mBUL
_p70.00
_r1
_sY
_tBOOK
_u2015-7-6
_xINGENIERIA
_zUNKNOWN
_o.STAFF. Colección General
_d52798
999 _a519.53 E88
_wDEWEY
_c2
_i65044
_d2019-5-26
_e2019-5-26
_f2021-11-5
_g7
_lCCODEBUL1
_mBUL
_n7
_p42.00
_q3
_r0
_sY
_tBOOK
_u2015-7-6
_xBIBLIOTECA
_zUNKNOWN
_0COMPRA
_o.STAFF. Colección General
980 _81
_gALBERTO SANCHEZ Responsable de Automatización